000 01160nam a22002657a 4500
001 81310
003 BD-RjUL
005 20230327123118.0
008 230327s2019 bg a|||| m||| 00| 0 eng d
035 _a(BD-RjUL)81310
040 _aBD-RjUL
_beng
_cBD-RjUL
_dBD-RjUL
041 _aeng
082 _223
_a614.542095492
_bRAF 2019
100 _aRana, Md. Masud
_92308
245 1 0 _aFactors influencing development of tuberculosis among different groups of people in Rajshahi city corporation, Bangladesh /
_cSubmitted By Md. Masud Rana ;
_6Supervisor : Md. Gulam Hossain, & Md. Rafiqul Islam,
260 _aRajshahi :
_bDepartment of Population Science and Human Resource Development, University of Rajshahi,
_c2019
300 _axvi, 155 leaves :
_bill, ;
_c29.cm.
502 _aThesis (Ph. D.) -- Department of Population Science and Human Resource Development, University of Rajshahi, 2019
504 _aReferences : Leaves 124 - 136
650 _aTuberculosis
_zBangladesh
_97030
650 _aForensic medicine
_zRajshahi
_97031
700 _aHossain, Md. Gulam, Supervisor
_97225
700 _aIslam, Md. Rafiqul, Supervisor
_91188
942 _2ddc
_cTHE
999 _c81310
_d81310